Mineral nutrition of higher plants (Record no. 41483)

MARC details
000 -LEADER
fixed length control field 00370nam a2200145Ia 4500
082 ## - DEWEY DECIMAL CLASSIFICATION NUMBER
Classification number 631.81
Item number MAR
100 ## - MAIN ENTRY--AUTHOR NAME
Personal name Marschner, Horst
245 #0 - TITLE STATEMENT
Title Mineral nutrition of higher plants
250 ## - EDITION STATEMENT
Edition statement 2
260 ## - PUBLICATION, DISTRIBUTION, ETC. (IMPRINT)
Place of publication London
Name of publisher Academic
Year of publication 1997
650 ## - SUBJECT ADDED ENTRY--TOPICAL TERM
Topical Term Nitrogen fixation
650 ## - SUBJECT ADDED ENTRY--TOPICAL TERM
Topical Term Plant soil relationship
942 ## - ADDED ENTRY ELEMENTS (KOHA)
Koha item type Books
Holdings
Withdrawn status Lost status Damaged status Not for loan Home library Current library Date acquired Cost, normal purchase price Full call number Accession Number Koha item type
        RRII Library RRII Library 16/12/2021 53.00 631.81 MAR 21769 Books